5HLuxD.jpg

KING HENRY VIII SENIOR AND PRIMARY SCHOOL LIBRARY OPAC

Korean standard dictionary / (Record no. 6063)

000 -LEADER
fixed length control field 01073pam a2200349 a 4500
001 - CONTROL NUMBER
control field 014921013
003 - CONTROL NUMBER IDENTIFIER
control field Uk
005 - DATE AND TIME OF LATEST TRANSACTION
control field 20260203112639.0
008 - FIXED-LENGTH DATA ELEMENTS--GENERAL INFORMATION
fixed length control field 080324s2009 nyu d 000 0 kor
010 ## - LIBRARY OF CONGRESS CONTROL NUMBER
LC control number 2008013648
015 ## - NATIONAL BIBLIOGRAPHY NUMBER
National bibliography number GBA922884
Source bnb
016 7# - NATIONAL BIBLIOGRAPHIC AGENCY CONTROL NUMBER
Record control number 014921013
Source Uk
020 ## - INTERNATIONAL STANDARD BOOK NUMBER
International Standard Book Number 9780781812344 (pbk.)
040 ## - CATALOGING SOURCE
Original cataloging agency StDuBDS
Language of cataloging eng
Transcribing agency StDuBDS
Modifying agency Uk
-- KH8
041 0# - LANGUAGE CODE
Language code of text/sound track or separate title kor
-- eng
042 ## - AUTHENTICATION CODE
Authentication code ukblcatcopy
082 00 - DEWEY DECIMAL CLASSIFICATION NUMBER
Classification number 495.7321 LEE
Edition number 22
100 1# - MAIN ENTRY--PERSONAL NAME
Personal name Lee, Jeyseon,
Relator term author.
245 10 - TITLE STATEMENT
Title Korean standard dictionary /
Statement of responsibility, etc. Jeyseon Lee, Kangjin Lee.
260 ## - PUBLICATION, DISTRIBUTION, ETC.
Place of publication, distribution, etc. New York, N.Y. :
Name of publisher, distributor, etc. Hippocrene Books,
Date of publication, distribution, etc. c2009.
300 ## - PHYSICAL DESCRIPTION
Extent 397 p. ;
Dimensions 21 cm.
336 ## - CONTENT TYPE
Content type term text
Source rdacontent
337 ## - MEDIA TYPE
Media type term unmediated
Source rdamedia
338 ## - CARRIER TYPE
Carrier type term volume
Source rdacarrier
490 0# - SERIES STATEMENT
Series statement Hippocrene standard dictionary
500 ## - GENERAL NOTE
General note "Korean-English/English-Korean." -- Cover and spine.
500 ## - GENERAL NOTE
General note Formerly CIP.
Institution to which field applies Uk
650 #0 - SUBJECT ADDED ENTRY--TOPICAL TERM
Topical term or geographic name entry element Korean language
Form subdivision Dictionaries
General subdivision English.
650 #0 - SUBJECT ADDED ENTRY--TOPICAL TERM
Topical term or geographic name entry element English language
Form subdivision Dictionaries
General subdivision Korean.
700 1# - ADDED ENTRY--PERSONAL NAME
Personal name Yi, Kang-jin,
Dates associated with a name 1964-
Relator term author.
942 ## - ADDED ENTRY ELEMENTS (KOHA)
Source of classification or shelving scheme
Koha item type Teaching Resources
Holdings
Withdrawn status Lost status Source of classification or shelving scheme Damaged status Not for loan Collection code Permanent Location Current Location Shelving location Date acquired Full call number Barcode Date last seen Copy number Price effective from Koha item type Total Checkouts Date due Date last checked out
          Teaching Resources KH8 Senior School Library KH8 Senior School Library Staff Office 2026-02-03 495.7321 LEE TRKHSL006920 2026-02-03 1 2026-02-03 Teaching Resources      
          Teaching Resources KH8 Senior School Library KH8 Senior School Library Staff Office 2026-02-03 495.7321 LEE TRKHSL006921 2026-02-03 2 2026-02-03 Teaching Resources      
          Teaching Resources KH8 Senior School Library KH8 Senior School Library Staff Office 2026-02-03 495.7321 LEE TRKHSL006922 2026-02-03 3 2026-02-03 Teaching Resources      
          Teaching Resources KH8 Senior School Library KH8 Senior School Library Staff Office 2026-02-03 495.7321 LEE TRKHSL006923 2026-02-03 4 2026-02-03 Teaching Resources      
          Teaching Resources KH8 Senior School Library KH8 Senior School Library Staff Office 2026-02-03 495.7321 LEE TRKHSL006924 2026-02-03 5 2026-02-03 Teaching Resources      
          Teaching Resources KH8 Senior School Library KH8 Senior School Library Staff Office 2026-02-03 495.7321 LEE TRKHSL006925 2026-02-03 6 2026-02-03 Teaching Resources      
          Teaching Resources KH8 Senior School Library KH8 Senior School Library Staff Office 2026-02-03 495.7321 LEE TRKHSL006926 2026-02-03 7 2026-02-03 Teaching Resources      
          Teaching Resources KH8 Senior School Library KH8 Senior School Library Staff Office 2026-02-03 495.7321 LEE TRKHSL006927 2026-02-03 8 2026-02-03 Teaching Resources      
          Teaching Resources KH8 Senior School Library KH8 Senior School Library Staff Office 2026-02-03 495.7321 LEE TRKHSL006928 2026-02-04 9 2026-02-03 Teaching Resources 1 2026-07-03 2026-02-04
          Teaching Resources KH8 Senior School Library KH8 Senior School Library Staff Office 2026-02-03 495.7321 LEE TRKHSL006929 2026-02-04 10 2026-02-03 Teaching Resources 1 2026-07-03 2026-02-04
          Teaching Resources KH8 Senior School Library KH8 Senior School Library Staff Office 2026-02-03 495.7321 LEE TRKHSL006930 2026-02-04 11 2026-02-03 Teaching Resources 1 2026-07-03 2026-02-04
          Teaching Resources KH8 Senior School Library KH8 Senior School Library Staff Office 2026-02-03 495.7321 LEE TRKHSL006931 2026-02-04 12 2026-02-03 Teaching Resources 1 2026-07-03 2026-02-04

Powered By KH8 IT Dept